Процессы теплового переноса : (Record no. 503156)
[ view plain ]
| 000 -LEADER | |
|---|---|
| fixed length control field | 00783nam a2200217 a 4500 |
| 001 - CONTROL NUMBER | |
| control field | 000159926 |
| 003 - CONTROL NUMBER IDENTIFIER | |
| control field | AM-YEHGA |
| 005 - DATE AND TIME OF LATEST TRANSACTION | |
| control field | 20250617163228.0 |
| 008 - FIXED-LENGTH DATA ELEMENTS--GENERAL INFORMATION | |
| fixed length control field | 030329s1957 ||||| |||||||||||||rus|d |
| 040 ## - CATALOGING SOURCE | |
| Original cataloging agency | AM-YeHGA |
| 090 ## - LOCALLY ASSIGNED LC-TYPE CALL NUMBER (OCLC); LOCAL CALL NUMBER (RLIN) | |
| -- | 506573 |
| 100 1# - MAIN ENTRY--PERSONAL NAME | |
| Personal name | Босворт, Р.Ч.Л. |
| 245 10 - TITLE STATEMENT | |
| Title | Процессы теплового переноса : |
| Remainder of title | Пер. с англ. / |
| Statement of responsibility, etc. | Р.Ч.Л. Босворт ; Пер. Б.Б. Доценко ; Под ред. Ю.А. Суринова. |
| 246 15 - VARYING FORM OF TITLE | |
| Title proper/short title | Heat Transfer Phenomena |
| 260 ## - PUBLICATION, DISTRIBUTION, ETC. | |
| Place of publication, distribution, etc. | Москва : |
| Name of publisher, distributor, etc. | Гостехиздат , |
| Date of publication, distribution, etc. | 1957. |
| 300 ## - PHYSICAL DESCRIPTION | |
| Extent | 276 с. |
| 650 14 - SUBJECT ADDED ENTRY--TOPICAL TERM | |
| Topical term or geographic name entry element | Машиностроение |
| 653 2# - INDEX TERM--UNCONTROLLED | |
| Uncontrolled term | монография |
| 700 1# - ADDED ENTRY--PERSONAL NAME | |
| Personal name | Доценко, Б.Б. |
| Relator term | пер. |
| Relationship | tel |
| 700 1# - ADDED ENTRY--PERSONAL NAME | |
| Personal name | Суринов, Ю.А. |
| Relator term | ред. |
| Relationship | edt |
| Withdrawn status | Lost status | Source of classification or shelving scheme | Damaged status | Not for loan | Collection | Home library | Current library | Date acquired | Total checkouts | Full call number | Barcode | Date last seen | Price effective from | Koha item type | Public note |
|---|---|---|---|---|---|---|---|---|---|---|---|---|---|---|---|
| Universal Decimal Classification | General | Fundamental Scientific Library | Fundamental Scientific Library | 22/01/2019 | РД II/33533 | FL0544274 | 22/01/2019 | 22/01/2019 | Գրքեր / Books | 30 Days Loan | |||||
| General | Fundamental Scientific Library | Fundamental Scientific Library | 29/09/2021 | РII/62768 | FL0658138 | 29/09/2021 | 29/09/2021 | Գրքեր / Books | 30 Days Loan |
ՀՀ Գիտությունների ազգային ակադեմիայի հիմնարար գիտական գրադարան = Fundamental Scientific Library of NAS RA
All site content, except where otherwise noted, is licensed under a